Espacios de encierro, detención, castigo y trabajo penado en la historia de Colombia, siglos XVI a XX /

Đã lưu trong:
Chi tiết về thư mục
Tác giả khác: López Jerez, Mabel Paola (Biên tập viên)
Định dạng: eBook
Ngôn ngữ:Tiếng Tây Ban Nha
Được phát hành: Santa Marta : Editorial Unimagdalena, 2022.
Loạt:Humanidades y Artes.
Những chủ đề:
Truy cập trực tuyến:https://elibro.unach.elogim.com/es/lc/unach/titulos/277674
Các nhãn: Thêm thẻ
Không có thẻ, Là người đầu tiên thẻ bản ghi này!

MARC

LEADER 00000nam a2200000 i 4500
001 ELB277674
003 FINmELB
005 20250120103327.0
006 m o u
007 cr cn|||||||||
008 250120s2022 ck ob 000 0 spa d
020 |z 9789587467796 
020 |a 9789587467802  |q (e-book) 
035 |a (OCoLC)1487665887 
040 |a FINmELB  |b spa  |e rda  |c FINmELB 
050 1 4 |a HV7335  |b E771 2022 
080 |a 343.811(862) 
082 0 4 |a 364.9861  |2 23 
245 0 0 |a Espacios de encierro, detención, castigo y trabajo penado en la historia de Colombia, siglos XVI a XX /  |c Mabel Paola López Jerez (editora). 
264 1 |a Santa Marta :  |b Editorial Unimagdalena,  |c 2022. 
300 |a 1 recurso en línea (313 páginas) 
336 |a texto  |b txt  |2 rdamedia/spa 
337 |a computadora  |b c  |2 rdamedia/spa 
338 |a recurso en línea  |2 rdacarrier/spa 
490 1 |a Humanidades y Artes 
504 |a Contiene bibliografía. 
588 |a Descripción basada en metadatos suministrados por el editor y otras fuentes. 
590 |a Recurso electrónico. Santa Fe, Arg.: elibro, 2024. Disponible vía World Wide Web. El acceso puede estar limitado para las bibliotecas afiliadas a elibro. 
650 4 |a Prisiones  |z Colombia. 
650 4 |a Castigo  |z Colombia  |x Historia. 
650 4 |a Trabajo forzado  |z Colombia  |x Historia. 
655 4 |a Libros electrónicos. 
700 1 |a López Jerez, Mabel Paola,  |e editor. 
797 2 |a elibro, Corp. 
830 0 |a Humanidades y Artes. 
856 4 0 |u https://elibro.unach.elogim.com/es/lc/unach/titulos/277674